[Event "Tromsoe Midnight Sun"]
[Site "Tromsoe"]
[Date "2006.07.01"]
[Round "8"]
[White "Gullaksen, Eirik Tvedt"]
[Black "Carlsen, Magnus"]
[Result "0-1"]
[WhiteElo "2380"]
[BlackElo "2646"]
[PlyCount "144"]
[EventDate "2006.06.24"]
[EventType "swiss"]
[EventRounds "9"]
[EventCountry "NOR"]
[SourceTitle "CBM 112 Extra"]
[Source "ChessBase"]
[SourceDate "2006.07.14"]
[SourceVersion "1"]
[SourceVersionDate "2006.07.14"]
[SourceQuality "1"]

1. e4 {Carlsen,Magnus} c5 2. Nf3 Nc6 3. Bb5 Nf6 4. Bxc6 dxc6 5. d3 Nd7 ({RR} 5... Qc7 6. b3 g6 7. Bb2 Bg7 8. Nbd2 O-O 9. Qe2 a5 10. a4 Nh5 11. Bxg7 Kxg7 12. Qe3 Nf4 13. O-O b6 14. Nc4 Rb8 15. Nfe5 Ne6 16. f4 b5 17. Nxa5 Qxa5 18. Nxc6 Qc7 19. Nxb8 b4 20. Rac1) 6. e5 ({RR} 6. Bf4 g6 ({RR} 6... e5 7. Nxe5 Qf6 8. Nxd7 Qxb2 ({RR} 8... Bxd7 9. Qc1) 9. Be5) 7. Qc1 Bg7 ({RR} 7... h6) 8. Bh6 Qa5+ 9. c3 Ne5 10. Nxe5 Bxe5 11. Nd2 Qa6 ({RR} 11... Be6 12. Nb3 Qb5 ({RR} 12... Qb6 13. Be3 Bxb3 14. axb3) 13. c4 Qb6 14. Be3 Rd8) 12. Qc2 Be6 13. f4 ({RR} 13. Nf3 Bc7 14. Ng5 O-O-O ({RR} 14... Bd7 15. Qb3) 15. Nxe6 fxe6) 13... Bc7 14. O-O f6 15. c4 O-O-O 16. a4 Rd7 ({RR} 16... Ba5 17. Nb3 Bb4 18. a5) 17. a5 Rhd8 18. Ra3 Bxa5 19. f5 Bf7 20. fxg6 ({RR} 20. Nb3 Rxd3 21. Nxc5 ({RR} 21. Rxa5 Qxc4 22. Qxc4 Bxc4 23. Nxc5 Rd1 24. Rxd1 Rxd1+ 25. Kf2 b6 26. Ra4 Bb5 27. Rxa7 bxc5 28. Rxe7 gxf5 29. exf5 Rf1+ 30. Kg3 Rxf5 31. Rxh7 Rh5) 21... Bb6 ({RR} 21... Qxc4 22. Qxc4 Bxc4 23. Nxd3 Bb6+ 24. Nf2 Bxf1 25. Kxf1) ({RR} 21... Qb6 22. Rxa5 ({RR} 22. Rxd3 Rxd3 23. Qxd3 Qxc5+) 22... R3d4 23. Qb3 ({RR} 23. Rfa1 Rxc4 24. Qf2 Qxa5)) 22. Rxa6 Bxc5+ 23. Kh1 bxa6 24. b3) 20... hxg6 {Morozevich,A (2731)-Carlsen,M (2675) Biel 2006 CBM 114 [Carlsen,Magnus] 0-1 (50)}) ({RR} 6. Bf4 g6 7. Nc3 Bg7 8. e5 Nb6 9. h3 Nd5 10. Qd2 Nxf4 11. Qxf4 Qb6 12. Rb1 h6 13. Qe3 Be6 14. O-O O-O 15. a3 c4 16. d4 Rad8 17. Rfd1 Qc7 18. Rd2 b5 19. Rbd1 Bd5 20. h4 a5) 6... Nb6 7. O-O ({RR} 7. h3 Bf5 8. b3 ({RR} 8. Qe2 e6 9. O-O Be7 10. Nc3 O-O 11. Ne4 Nd5 12. c4 Nb4 13. Rd1 Bxe4 14. dxe4 Qc7 15. a3 Na6 16. Rd3 Rad8 17. Rb3 b6 18. Bf4 Nb8 19. h4 Rfe8 20. h5 Nd7 21. Qe3 Nf8 22. a4 h6) 8... e6 9. O-O Be7 10. Re1 O-O 11. Nbd2 Nd5 12. Bb2 a5 13. a4 b5 14. Qe2 Rb8 15. Ne4 c4 16. dxc4 bxc4 17. Nd4 Bxe4 18. Nxc6 Qc7 19. Nxe7+ Nxe7 20. Qxe4 cxb3 21. Ba3 Rb7 {Grischuk,A (2654)-Mikaelyan,A (2500) chess.com INT 2025 ½-½ (73)}) 7... c4 $146 ({RR} 7... Bf5 8. Nbd2 e6 9. Qe2 Be7 10. Ne4 O-O 11. c4 Nd7 12. Bf4 Bxe4 13. Qxe4 Qc7 14. Rfe1 Rfd8 15. h4 Nf8 16. h5 h6 17. Bd2 Rd7 18. Bc3 Rad8 19. Rad1 Nh7 20. Nh2 b5 21. b3 b4 22. Ba1 {Bijaoui,M (2388)-Wagner,C (2358) Evry 2008 1-0 (50)}) ({RR} 7... Bf5 8. Nh4 Qd7 9. Qf3 Bg6 10. Nc3 e6 11. a4 Nd5 12. Bg5 h6 13. Nxg6 fxg6 14. Be3 a5 15. Ne4 b6 16. c4 Nb4 17. Rad1 Nc2 18. d4 cxd4 19. Qe2 Nxe3 20. fxe3 O-O-O 21. exd4 Bb4 22. c5 {Antal,G (2511)-Kaczur,F (2336) Zalakaros 2015 1-0 (36)}) 8. d4 Bg4 9. c3 e6 10. Be3 Be7 11. Nbd2 O-O 12. Qe2 Qd5 13. b3 Qa5 14. bxc4 Na4 15. Nb3 Qa6 16. h3 Bh5 17. Bd2 Nb6 18. g4 Bg6 19. Bg5 Bxg5 20. Nxg5 Qxc4 21. Qxc4 Nxc4 22. Rfe1 b6 23. Ne4 Rfd8 24. Rad1 Nxe5 25. dxe5 Rxd1 26. Rxd1 Bxe4 27. c4 Kf8 28. Rd7 Ke8 29. Rc7 Rd8 30. Rxa7 Rd1+ 31. Kh2 g5 32. f3 Bxf3 33. c5 b5 34. Na5 Rd2+ 35. Kg1 Rd7 36. Ra8+ Ke7 37. Rc8 Ra7 38. Nxc6+ Bxc6 39. Rxc6 Rxa2 40. Rc7+ Kf8 41. Rb7 Rb2 42. c6 Rc2 43. c7 Kg7 44. Kf1 b4 45. Kg1 Kg6 46. Rxb4 Rxc7 47. Kg2 Rc2+ 48. Kg3 Rc3+ 49. Kg2 Re3 50. Rb5 h5 51. gxh5+ Kxh5 52. Ra5 Kg6 53. Rb5 Rd3 54. Rb2 Rd5 55. Re2 Rd4 56. Kg3 Kf5 57. Rf2+ Rf4 58. Re2 g4 59. hxg4+ Rxg4+ 60. Kh3 Re4 61. Rf2+ Rf4 62. Re2 Rf3+ 63. Kg2 Kf4 64. Re1 Rg3+ 65. Kh2 Re3 66. Rf1+ Rf3 67. Re1 Kg4 68. Re4+ Kg5 69. Re1 Rf5 70. Kg3 Kg6 71. Kg4 Kg7 72. Re2 Kf8 0-1

[Event "NOR-ch"]
[Site "Moss"]
[Date "2006.07.10"]
[Round "3"]
[White "Carlsen, Magnus"]
[Black "Lie, Kjetil A"]
[Result "1-0"]
[WhiteElo "2673"]
[BlackElo "2536"]
[PlyCount "51"]
[EventDate "2006.07.08"]
[EventType "swiss"]
[EventRounds "9"]
[EventCountry "NOR"]
[SourceTitle "CBM 113 Extra"]
[Source "ChessBase"]
[SourceDate "2006.09.14"]
[SourceVersion "1"]
[SourceVersionDate "2006.09.14"]
[SourceQuality "1"]

1. e4 c5 2. Nf3 g6 3. d4 cxd4 4. Nxd4 Bg7 5. Nc3 Nc6 6. Be3 Nf6 7. Bc4 Qa5 8. O-O O-O 9. Bb3 d6 10. h3 Bd7 11. Qe1 Rfe8 ({RR} 11... Rac8 12. Rd1 Ne5 13. Nd5 Qd8 14. Nxf6+ Bxf6 15. Qe2 Nc6 16. Nxc6 Bxc6 17. c3 Qa5 18. Bd4 Bxd4 19. Rxd4 Bb5 20. c4 Ba6 21. Rc1 Rc5 22. a3 b5 23. Ba2 bxc4 24. Bxc4 Rfc8 25. b4 Qxa3 26. Bxa6 {Golubev,M (2461)-Namitbir,S (2385) chess.com INT 2024 0-1}) 12. Rd1 Rac8 ({RR} 12... Nxd4 13. Bxd4 Bc6 14. f4 Nd7 15. Bxg7 Kxg7 16. Kh2 Rac8 17. Qh4 h6 18. Nd5 e6 19. Nc3 Nf6 20. Qe1 {½-½ (20) Nisipeanu,L (2695)-Carlsen,M (2646) Sarajevo 2006}) 13. f4 Nd8 $146 ({RR} 13... a6 14. a3 Nh5 15. Nde2 Be6 16. Bxe6 fxe6 17. f5 exf5 18. Rd5 Qc7 19. exf5 Nf6 20. fxg6 hxg6 21. Rg5 Kf7 22. Nd5 Bh6 23. Nxc7 {1-0 (23) Golubev,M (2461)-Rosenberg,E (1970) chess.com INT 2023}) ({RR} 13... a6 14. a3 Nh5 15. Nde2 Be6 16. Bxe6 fxe6 17. f5 exf5 18. Rd5 Qc7 19. exf5 Nf6 20. fxg6 hxg6 21. Rg5 Kf7 22. Nd5 Bh6 23. Nxc7 {1-0 (23) Golubev,M (2461)-Rosenberg,E (1970) chess.com INT 2023}) 14. Bf2 e5 15. fxe5 Qxe5 16. Nf3 Qh5 17. Rxd6 Bxh3 18. gxh3 Qxf3 19. Bg3 Qh5 20. Rdxf6 Bxf6 21. Rxf6 Qxh3 22. Qf2 Ne6 23. Nd5 Ng5 24. Rxf7 Rxc2 25. Ne7+ Kh8 26. Be5# 1-0

[Event "NOR-ch"]
[Site "Moss"]
[Date "2006.07.11"]
[Round "5"]
[White "Carlsen, Magnus"]
[Black "Bae, Torstein"]
[Result "1-0"]
[WhiteElo "2673"]
[BlackElo "2284"]
[PlyCount "105"]
[EventDate "2006.07.08"]
[EventType "swiss"]
[EventRounds "9"]
[EventCountry "NOR"]
[SourceTitle "CBM 113 Extra"]
[Source "ChessBase"]
[SourceDate "2006.09.14"]
[SourceVersion "1"]
[SourceVersionDate "2006.09.14"]
[SourceQuality "1"]

1. e4 c6 2. d4 d5 3. Nd2 dxe4 4. Nxe4 Nd7 5. Ng5 Ngf6 6. Bd3 e6 7. N1f3 Bd6 8. Qe2 h6 9. Ne4 Nxe4 10. Qxe4 Qc7 11. O-O b6 12. Qg4 Kf8 13. b3 Bb7 14. Bb2 Nf6 15. Qh4 c5 ({RR} 15... Nd5 16. Rfe1 Nf4 17. Ne5 g5 18. Qg4 Rg8 19. Qf3 Rd8 20. Rad1 c5 21. Be4 Bxe5 22. dxe5 Rxd1 23. Rxd1 Bxe4 24. Qxe4 Ke7 25. h4 Rd8 26. Re1 Ng6 27. hxg5 h5 28. g3 Qd7 29. Bc1 Kf8 30. Be3 {Anand,V (2779)-Wojtaszek,R (2637) Germany 2007 ½-½ (35)}) ({RR} 15... Nd5 16. Ne5 c5 17. c4 Nb4 18. Rad1 Kg8 19. Bb1 Be7 20. Qg3 f6 21. dxc5 Qxc5 22. Ng6 Rh7 23. Rd7 {1-0 (23) Smirnov,M (2352)-Yeletsky,I (2469) chess.com INT 2025}) 16. dxc5 Qxc5 17. Bd4 Qc7 $146 ({RR} 17... Qa5 18. Bxf6 gxf6 19. Be4 Bxe4 20. Qxe4 Kg7 21. Rfd1 Rad8 22. Rd3 Bc7 23. Qg4+ Kh7 24. Qe4+ Kg7 25. Qg4+ Kh7 26. Qe4+ Kg7 {½-½ (26) Hou,Y (2523)-Berkes,F (2597) Paks 2007}) ({RR} 17... Qa5 18. Bxf6 Bxf3 19. Bb2 Bc6 20. Qd4 Ke7 21. Rfd1 Qh5 22. Qxd6+ Kxd6 23. Be2+ Qd5 24. Bf3 f6 25. Bxd5 exd5 26. c4 Ke6 27. cxd5+ Bxd5 28. Rd3 Bc6 29. Rc1 Rhc8 30. a4 Kf7 31. Ba3 Kg8 32. h4 {Smerdon,D (2425)-Speelman,J (2555) Mallorca 2004 ½-½ (67)}) 18. Bxf6 Bxf3 19. Bb2 Bb7 20. Rfe1 Qe7 21. Qd4 e5 22. Qg4 h5 23. Qf5 g6 24. Qh3 Qg5 25. Rad1 Rd8 26. Bf1 Bc8 27. Qc3 Qe7 28. Rxe5 Bxe5 29. Ba3 Kg7 30. Bxe7 Bxc3 31. Bxd8 Bf5 32. Bg5 Rc8 33. Bd3 Bxd3 34. Rxd3 Bf6 35. Bxf6+ Kxf6 36. c3 b5 37. Kf1 Rc6 38. Ke2 Ke5 39. Kd1 g5 40. Kc2 f5 41. Rd4 g4 42. Kd3 h4 43. a4 a6 44. axb5 axb5 45. Rb4 Rc5 46. h3 gxh3 47. gxh3 f4 48. f3 Kf5 49. c4 bxc4+ 50. bxc4 Rc8 51. Rb5+ Kg6 52. c5 Kf5 53. Kc4 1-0

[Event "NOR-ch"]
[Site "Moss"]
[Date "2006.07.12"]
[Round "6"]
[White "Sahl, Bjarke"]
[Black "Carlsen, Magnus"]
[Result "0-1"]
[WhiteElo "2364"]
[BlackElo "2673"]
[PlyCount "76"]
[EventDate "2006.07.08"]
[EventType "swiss"]
[EventRounds "9"]
[EventCountry "NOR"]
[SourceTitle "CBM 113 Extra"]
[Source "ChessBase"]
[SourceDate "2006.09.14"]
[SourceVersion "1"]
[SourceVersionDate "2006.09.14"]
[SourceQuality "1"]

1. e4 c5 2. Nf3 Nc6 3. d4 cxd4 4. Nxd4 e5 5. Nxc6 bxc6 6. Nc3 Nf6 7. f4 Qc7 ({RR} 7... Qa5 8. Bd2 exf4 9. Qf3 Qc7 10. Bc4 Bd6 11. O-O-O Be5 12. g3 fxg3 13. Rdg1 d6 14. Rxg3 Bxg3 15. Qxg3 O-O 16. Rg1 g6 17. Qf3 Nd7 18. Bh6 Qd8 19. Bxf8 Qxf8 20. Bb3 Ne5 21. Qe3 Be6 22. Rd1 {Sahl,B (2391)-Johannessen,L (2543) Saint Vincent 2005 ½-½ (63)}) ({RR} 7... Qa5 8. Qf3 d6 9. f5 Be7 10. Bd2 Qb6 11. b3 Bb7 12. Bd3 d5 13. g4 dxe4 14. Nxe4 Nxe4 15. Bxe4 Bh4+ 16. Ke2 Rd8 17. Rhd1 O-O 18. Be3 Qa6+ 19. c4 Rxd1 20. Kxd1 Qa3 21. Kc2 Be7 22. Bc1 {Sahl,B (2343)-Le,T (2393) Chess.com INT 2015 0-1 (40)}) 8. Qf3 ({RR} 8. fxe5 Qxe5 9. Qf3 Bb4 10. Bd2 d5 11. Bd3 d4 12. Ne2 Bxd2+ 13. Kxd2 Bg4 14. Qf4 Qa5+ 15. Kc1 Bxe2 16. Bxe2 O-O 17. e5 Rfe8 18. Qxd4 Rxe5 19. Bf3 Rd8 20. b4 Qa3+ 21. Qb2 Qe3+ 22. Kb1 Nd5 {El-Bechara,G-Guo,H (1556) Laval Quebec CAN 2024 0-1 (42)}) 8... Bd6 $146 ({RR} 8... Bb4 9. Bd3 d5 10. O-O d4 11. fxe5 Qxe5 12. Ne2 Bg4 13. Qf2 Bxe2 14. Qxe2 Bc5 15. Rf5 Qe7 16. Bg5 h6 17. Bxf6 gxf6 18. e5 O-O-O 19. Rxf6 Kb8 20. Rxc6 Rd5 21. Rd1 Re8 22. Qh5 f6 23. Rxf6 {Stanford,S (2159)-Borchgrevink,H (2284) Oslo 2006 1-0 (41)}) ({RR} 8... Bb4 9. Bd2 O-O 10. f5 d5 11. Bd3 d4 12. Ne2 Bxd2+ 13. Kxd2 c5 14. c3 c4 15. Bb1 d3 16. Ng3 Ba6 17. b3 Qa5 18. bxc4 Bxc4 19. a3 Qb5 20. Ba2 Qb2+ 21. Ke3 Bxa2 22. Rac1 d2 23. Rcd1 {Cuprova,I (1443)-Balkova,A (1522) Frymburk 2002 0-1}) 9. f5 Bb4 10. a3 Bxc3+ 11. bxc3 d5 12. Bd3 Qa5 13. Bd2 O-O 14. O-O dxe4 15. Bxe4 Ba6 16. Rf2 Nxe4 17. Qxe4 f6 18. Qb4 Qd5 19. Be3 Rab8 20. Qa4 Bc4 21. Rd2 Qb5 22. Qxb5 Rxb5 23. Bxa7 Ra8 24. Be3 Bd5 25. a4 Rba5 26. c4 Be4 27. g4 h6 28. Re1 Rxa4 29. Bxh6 Bf3 30. Re3 Bxg4 31. Rg3 Rxc4 32. h3 gxh6 33. hxg4 Raa4 34. Rb3 Rxg4+ 35. Kh2 Rh4+ 36. Kg3 Rag4+ 37. Kf3 e4+ 38. Ke3 Rh3+ 0-1

[Event "NOR-ch"]
[Site "Moss"]
[Date "2006.07.13"]
[Round "7"]
[White "Carlsen, Magnus"]
[Black "Agdestein, Simen"]
[Result "1-0"]
[WhiteElo "2673"]
[BlackElo "2575"]
[PlyCount "67"]
[EventDate "2006.07.08"]
[EventType "swiss"]
[EventRounds "9"]
[EventCountry "NOR"]
[SourceTitle "CBM 113 Extra"]
[Source "ChessBase"]
[SourceDate "2006.09.14"]
[SourceVersion "1"]
[SourceVersionDate "2006.09.14"]
[SourceQuality "1"]

1. e4 e6 2. d4 d5 3. Nc3 Bb4 4. e5 c5 5. a3 Bxc3+ 6. bxc3 Qa5 7. Bd2 Qa4 8. Qg4 g6 9. Qd1 b6 10. h4 h5 11. c4 Nc6 12. Nf3 Nge7 13. dxc5 bxc5 14. Be2 $146 ({RR} 14. cxd5 exd5 15. Be2 Bg4 16. O-O Bxf3 17. Bxf3 Qxh4 18. c4 Nxe5 19. cxd5 O-O 20. Bc3 Nxf3+ 21. Qxf3 Nf5 22. g3 Qg5 23. Rfe1 Rfe8 24. Rad1 h4 25. d6 hxg3 26. fxg3 Rxe1+ 27. Rxe1 Rd8 28. Be5 Qh5 {Karjakin,S (2694)-Zhang,P (2644) Kemer 2007 ½-½ (46)}) 14... dxc4 15. O-O Nd5 16. Bg5 Ba6 17. Re1 c3 18. Bd3 Bxd3 19. Qxd3 Rb8 20. Re4 Qb5 21. Qd1 Qb6 22. a4 Qc7 23. Qe2 Kd7 24. Rd1 Kc8 25. Be3 Na5 26. Ng5 Rd8 27. Qa6+ Rb7 28. Nxf7 Qxf7 29. Bxc5 Kb8 30. Qxa5 Rc8 31. Rc4 Qe8 32. Qa6 Nb6 33. Rxc3 Ka8 34. Bxb6 1-0

[Event "Biel GM"]
[Site "Biel"]
[Date "2006.07.30"]
[Round "6"]
[White "Carlsen, Magnus"]
[Black "Pelletier, Yannick"]
[Result "1/2-1/2"]
[WhiteElo "2675"]
[BlackElo "2583"]
[Annotator "Kritz,Leonid"]
[PlyCount "76"]
[EventDate "2006.07.24"]
[EventType "tourn"]
[EventRounds "10"]
[EventCountry "SUI"]
[EventCategory "17"]
[SourceTitle "CBM 114"]
[Source "ChessBase"]
[SourceDate "2006.10.02"]
[SourceVersion "1"]
[SourceVersionDate "2006.10.02"]
[SourceQuality "1"]

1. e4 {Ribli,Zoltan} c5 2. Nf3 e6 3. Nc3 Nc6 4. d4 cxd4 5. Nxd4 Qc7 {Black chooses the classical Paulsen Variation. The move 5...a6 has become very modern. Schwarz wählt die klassische Paulsen-Variante. Sehr modern ist heute der Zug 5....a6 geworden.} (5... a6 6. Nxc6 (6. Be3 Nf6 7. Qd2 (7. Bd3 Qc7 {leads to the old Paulsen liquidations. führt in die alten Paulsenabwicklungen über.}) 7... Bb4 8. f3 d5 9. a3 Qa5 $15) 6... bxc6 7. Bd3 d5 8. O-O Nf6 $132 {White has a slight lead in development here. But Black has in return a solid centre. There are chances for both sides. Weiß hat hier einen kleinen Entwicklungsvorsprung, dafür verfügt Schwarz über ein sehr solides Zentrum. Die Stellung bietet Chancen für beide Seiten.}) 6. g3 ({Today's main line is Die Hauptfortsetzung heutzutage ist} 6. Be3 a6 (6... Nf6 7. Ndb5 Qb8 8. f4 $14) 7. Qd2 $1 {The plan with queenside castling seems to me to be the most dangerous. - der Plan mit der langen Rochade scheint mir der gefährlichste zu sein -} Nf6 8. O-O-O Bb4 9. f3 $13 {after which black has lots of interesting possibilities, e.g. 9...e5, 9...e7, 9...d5 etc. wonach Schwarz viele interessante Möglichkeiten hat, z.B. 9...e5, 9...e7, 9...d5 usw.}) 6... a6 7. Bg2 Nf6 8. O-O Nxd4 $1 {The best reaction to White's setup. Die beste Reaktion gegen den weißen Aufbau.} (8... d6 {is also possible, but leaves White with a molre pleasant position. ist auch möglich, doch bekommt Weiß hier eine angenehmere Stellung zu spielen.} 9. Be3 Be7 10. a4 Bd7 11. Nxc6 Bxc6 12. a5 O-O 13. Re1 Nd7 14. Na4 $14) (8... Bc5 {does not lead to full equality either. führt ebenfalls nicht zum vollen Ausgleich:} 9. Nxc6 dxc6 (9... bxc6 10. Na4 Be7 11. c4 d6 12. b3 O-O 13. Bb2 $14) 10. Na4 Ba7 11. c4 {Despite the threat of c5, Black is forced to play Wegen der Drohung c5 ist Schwarz gezwungen} Nd7 {, after which his white-squared bishop looks unhappy. zu spielen, wonach sein weißfeldriger Läufer unglücklich aussieht.} 12. Qg4 $14) 9. Qxd4 Bc5 10. Bf4 (10. Qd3 d6 11. Bf4 Nd7 $1 (11... h6 $2 12. Na4 $1 e5 13. Nxc5 exf4 14. Nb3 fxg3 15. hxg3 $16 {The d6-pawn and the f5-square on which the white knight will soon stand look menacing for Black. Der Bauer d6 und das Feld f5, worauf sich der weiße Springer bald stellen wird, versprechen Schwarz nichts Gutes.}) 12. Na4 e5 13. Be3 (13. Nxc5 $2 Nxc5 14. Qc3 exf4 15. Qxg7 Rf8 16. gxf4 Be6 $17) 13... Bxe3 14. Qxe3 b5 15. Nc3 Bb7 $132) 10... d6 (10... Bxd4 $2 11. Bxc7 d5 {or else e6-d5 will follow. sonst folgt d6-e5} 12. Rad1 Bxc3 13. bxc3 O-O 14. e5 Nd7 15. c4 dxc4 16. Rd4 $16) 11. Qd2 h6 {It is important to control the g5-square. Es ist wichtig, das Feld g5 zu kontrollieren.} (11... e5 12. Bg5 $16) 12. Rad1 (12. Na4 {leads to toal equality after führt zum totalen Ausgleich nach} e5 13. Nxc5 dxc5 $1 (13... exf4 14. Nb3 fxg3 15. hxg3 $16) 14. Be3 Ng4 $11) 12... e5 13. Be3 Be6 ({Of course not Selbstverständlich nicht} 13... Bxe3 14. fxe3 $1 Be6 (14... Ke7 $4 15. Rxf6 $18) 15. Qxd6 Qxd6 16. Rxd6 $16) ({RR} 13... Ke7 14. Bxc5 Qxc5 15. Na4) 14. Bxc5 dxc5 15. Nd5 (15. f4 O-O 16. Nd5 ({RR} 16. f5 Bc4 17. Rfe1) ({RR} 16. Qd6 Qa5) 16... Bxd5 17. exd5 Qd6 {transposes to the game. geht in die Partie über.} ({RR} 17... exf4 18. Qxf4 ({RR} 18. d6 Qb6 19. c3 fxg3 20. Rxf6 gxf6 21. Qxh6 Qxb2 22. hxg3 Qe2) 18... Qxf4 19. Rxf4)) ({RR} 15. f4 O-O 16. Nd5 Bxd5 17. exd5) 15... Bxd5 16. exd5 Qd6 (16... O-O $2 17. d6 $16 {The white pawn cannot simply be let on to d6, because then all the white pieces, especially the bishop on g2, become very active. Man darf nicht den weißen Bauern einfach so nach d6 lassen, denn dann werden alle weißen Figuren, vor allem der Läufer g2, sehr aktiv.}) 17. f4 O-O (17... e4 18. Rfe1 O-O 19. Bxe4 $16) 18. fxe5 Qxe5 19. d6 $1 {The only winning try is the pawn sacrifice Der einzige Versuch auf Gewinn zu spielen ist das Baueropfer} (19. c4 Qd6 $1 20. Qf4 Ne8 $1 $15 {In this position the queen turns out, exceptionally, to be a good blockader, but only because White has no active play whatsoever. In dieser Stellung erweist sich die Dame ausnahmsweise als guter Blockierer, das aber nur, weil Weiß überhaupt kein aktives Spiel hat.}) 19... Qxb2 20. c4 ({RR} 20. Rb1 Qxa2 21. Rxb7 Rad8 22. Rd1 ({RR} 22. Re7 Qb2 23. Rd1 a5) 22... Rfe8 23. Qf2 Re5 ({RR} 23... Re6 24. Bd5)) 20... Qxd2 21. Rxd2 $44 {White does have enough compensation for the sacrificed pawn, but no more. With correct play Black can secure the half point. Für den geopferten Bauern hat Weiß zwar ausreichende Kompensation, aber auch nicht mehr. Bei richtigem Spiel kann sich Schwarz den halben Punkt sichern.} Rab8 22. a4 ({RR} 22. Rb1 b5 ({RR} 22... b6) 23. cxb5 axb5 ({RR} 23... Rxb5) 24. Rc2 Rfc8 ({RR} 24... Rfd8 25. Rxc5 Rxd6 26. a4 b4 27. Rb5 Rxb5 28. axb5 Rd4 29. b6) 25. Bh3 Rd8 ({RR} 25... Rc6 26. d7) 26. Rxc5 Rxd6 27. a4 b4 28. Rb5 ({RR} 28. Rc8+ Rxc8 29. Bxc8 Rb6 30. a5 Rb8 31. Bf5 Rb5 32. Bd3 Rxa5 33. Rxb4) 28... Rxb5 29. axb5 Kf8 30. Rxb4 Rb6) 22... Rfd8 23. Re1 $146 ({RR} 23. Rb1 Nd7 ({RR} 23... b6 24. Bc6) 24. Rxb7 ({RR} 24. Bxb7 Ne5) 24... Rxb7 25. Bxb7 Ne5 26. Rd5 ({RR} 26. Bxa6 Nf3+) 26... Nxc4 27. Bxa6 ({RR} 27. d7 Nb6) 27... Nxd6 28. a5 ({RR} 28. Rxc5) 28... Kf8 29. Bf1 ({RR} 29. Rxc5 Ra8 30. Rc6 Ke7) 29... Nb7 30. Rxd8+ Nxd8 31. Bg2 ({RR} 31. a6 Nc6) 31... Ne6 32. a6 Nc7 33. a7 Ke7 34. Kf2 Kd6 35. Ke3 c4 36. a8=Q ({RR} 36. Kd4 Nb5+) 36... Nxa8 37. Bxa8 Ke5 {Adams,M (2746)-Anand,V (2790) Wijk aan Zee 2001 CBM 081 [Ribli,Zoltan] ½-½ (48)}) ({RR} 23. Rb1 b6 24. Bc6 Nd7 25. Re1 Rbc8 26. Bb7 Rb8 27. Bxa6 Re8 28. Re7 Ne5 29. Kg2 Kf8 30. Rc7 Rbd8 31. Rb7 Re6 32. Rxb6 g5 33. Bb5 g4 34. Kf2 Rf6+ 35. Ke2 Re6 36. Kd1 Nf3 37. Rd5 Nxh2 {Sahin,S (2061)-Ivanov,M (2265) Paracin SRB 2025 1-0 (41)}) ({RR} 23. Rb1 Nd7 24. Rxb7 Rxb7 25. Bxb7 Ne5 26. Rd5 Nxc4 27. Bxa6 Nxd6 28. a5 Kf8 29. Rxc5 Rb8 30. Bf1 Rb1 31. a6 Ra1 32. Kg2 Ke7 33. h4 Kd8 34. Rc6 Kd7 35. Rc3 h5 36. Bd3 g6 37. Kf3 Ra4 {Sprenger,J (2496)-Stankovic,Z (2215) Basel 2016 ½-½ (123)}) 23... Kf8 24. Re5 Nd7 25. Re4 f6 26. Rb2 Re8 27. Rxe8+ Kxe8 28. Bd5 b6 29. Kg2 Ne5 30. Be6 a5 31. Rb1 Kf8 32. Bd5 Ke8 33. Be6 Nc6 34. Bf5 Kf8 35. Be4 Ne5 36. Bd5 Ke8 37. Be6 Nc6 38. Bf5 Ne5 1/2-1/2